000 00890nam a2200217 i 4500
001 110866
003 ES-MaACL
005 20260127062542.0
007 t|
008 070202s1927 sp ||||1| spa d
100 1 _aTorroba, José.
_9111052
245 1 3 _aLa intervención de los cónsules en los matrimonios de españoles celebrados en el extranjero
_b: lección inaugural del curso de 1927-1928 /
_cJosé Torroba.
260 _aMadrid :
_b[s.n.],
_c1927 (
_fJ. Cosano)
300 _a30 p. ;
_c18 cm.
490 1 _aPublicaciones de la Real Academia de Jurisprudencia y Legislación ;
_v78
500 _aExplicada el día 10 de Noviembre de 1927.
700 _aReal Academia de Jurisprudencia y Legislación de España
_9217612
830 0 _aPublicaciones de la Real Academia de Jurisprudencia y Legislación ;
_v78
_9180630
852 _aES-MaACL
_jL-5242
999 _c110866
_d110866